Digital telephony (Record no. 3592)

000 -LEADER
fixed length control field 00571nam a2200217 a 4500
001 - CONTROL NUMBER
control field 3592
003 - CONTROL NUMBER IDENTIFIER
control field BD-DhUET
008 - FIXED-LENGTH DATA ELEMENTS--GENERAL INFORMATION
fixed length control field 900501s1991 nyua b 001 0 eng
020 ## - INTERNATIONAL STANDARD BOOK NUMBER
International Standard Book Number 0471620564
040 ## - CATALOGING SOURCE
Original cataloging agency DLC
Transcribing agency DLC
Modifying agency BD-DhUET
082 ## - DEWEY DECIMAL CLASSIFICATION NUMBER
Classification number 623.85
Item number BEL/1991
100 ## - MAIN ENTRY--PERSONAL NAME
Personal name Bellamy, John
245 10 - TITLE STATEMENT
Title Digital telephony
250 ## - EDITION STATEMENT
Edition statement 2nd ed.
260 ## - PUBLICATION, DISTRIBUTION, ETC. (IMPRINT)
Place of publication, distribution, etc. New York
Name of publisher, distributor, etc. John wiley & sons
Date of publication, distribution, etc. 1991
300 ## - PHYSICAL DESCRIPTION
Extent xix, 572 p.
Other physical details ill.
Dimensions 25 cm.
490 ## - SERIES STATEMENT
Series statement Wiley Series in telecommunications
504 ## - BIBLIOGRAPHY, ETC. NOTE
Bibliography, etc Includes bibliographies
650 #0 - SUBJECT ADDED ENTRY--TOPICAL TERM
Topical term or geographic name as entry element Digital telephony
942 ## - ADDED ENTRY ELEMENTS (KOHA)
Koha item type General Book
Holdings
Lost status Damaged status Koha issues (times borrowed) Not for loan Koha date last borrowed Withdrawn status Location (home branch) Price effective from Date acquired Koha date last seen Copy number Shelving location Koha full call number Koha item type Sublocation or collection (holding branch) Source of classification or shelving scheme Koha normalized classification for sorting Piece designation (barcode)
  2 2015-10-10 Central Library, BUET2014-11-022014-11-022016-02-061Circulation section623.85/BEL/1991General BookCentral Library, BUET 623_000000000000000_85BEL199183618
      Central Library, BUET2014-11-022014-11-022017-08-262Circulation section623.85/BEL/1991General BookCentral Library, BUET 623_000000000000000_85BEL199183620
      Central Library, BUET2014-11-022014-11-022017-08-163Circulation section623.85/BEL/1991General BookCentral Library, BUET 623_000000000000000_85BEL199183623
  2 2023-03-07 Central Library, BUET2014-11-022014-11-022024-02-204Circulation section623.85/BEL/1991General BookCentral Library, BUET 623_850000000000000_BEL_199186339
      Central Library, BUET2015-07-012015-07-012015-07-015Reading section623.85/BEL/1991Reading ItemCentral Library, BUET 623_850000000000000_BEL_199187594
      Central Library, BUET2024-12-091992-06-062024-12-09ক-১Rental section623.85 BEL/1991Rental ItemCentral Library, BUET 623_850000000000000_BEL_199183563
      Central Library, BUET2024-12-091992-06-062024-12-09ক-২Rental section623.85 BEL/1991Rental ItemCentral Library, BUET 623_850000000000000_BEL_199183564
      Central Library, BUET2024-12-091992-06-062024-12-09ক-৩Rental section623.85 BEL/1991Rental ItemCentral Library, BUET 623_850000000000000_BEL_199183565
      Central Library, BUET2024-12-091992-06-062024-12-09ক-৪Rental section623.85 BEL/1991Rental ItemCentral Library, BUET 623_850000000000000_BEL_199183566
      Central Library, BUET2024-12-091992-06-062024-12-09ক-৫Rental section623.85 BEL/1991Rental ItemCentral Library, BUET 623_850000000000000_BEL_199183567
      Central Library, BUET2024-12-091992-06-062024-12-09ক-৬Rental section623.85 BEL/1991Rental ItemCentral Library, BUET 623_850000000000000_BEL_199183568
      Central Library, BUET2024-12-091992-06-062024-12-09ক-৭Rental section623.85 BEL/1991Rental ItemCentral Library, BUET 623_850000000000000_BEL_199183569
      Central Library, BUET2024-12-091992-06-062024-12-09ক-৮Rental section623.85 BEL/1991Rental ItemCentral Library, BUET 623_850000000000000_BEL_199183570
      Central Library, BUET2024-12-091992-06-062024-12-09ক-৯Rental section623.85 BEL/1991Rental ItemCentral Library, BUET 623_850000000000000_BEL_199183571
      Central Library, BUET2024-12-091992-06-062024-12-09ক-১০Rental section623.85 BEL/1991Rental ItemCentral Library, BUET 623_850000000000000_BEL_199183572
      Central Library, BUET2024-12-091992-06-062024-12-09ক-১১Rental section623.85 BEL/1991Rental ItemCentral Library, BUET 623_850000000000000_BEL_199183573
      Central Library, BUET2024-12-091992-06-062024-12-09ক-১২Rental section623.85 BEL/1991Rental ItemCentral Library, BUET 623_850000000000000_BEL_199183574
      Central Library, BUET2024-12-091992-06-062024-12-09ক-১৩Rental section623.85 BEL/1991Rental ItemCentral Library, BUET 623_850000000000000_BEL_199183575
      Central Library, BUET2024-12-091992-06-062024-12-09ক-১৪Rental section623.85 BEL/1991Rental ItemCentral Library, BUET 623_850000000000000_BEL_199183576
      Central Library, BUET2024-12-091992-06-062024-12-09ক-১৫Rental section623.85 BEL/1991Rental ItemCentral Library, BUET 623_850000000000000_BEL_199183577